[Event "Denizli op"]
[Site "Denizli"]
[Date "2025.07.12"]
[Round "8"]
[White "Bacak, Muhammed Kaan"]
[Black "Agibileg, Uurtsaikh"]
[Result "0-1"]
[WhiteElo "2075"]
[BlackElo "2380"]
[PlyCount "68"]
[EventDate "2025.07.07"]
[EventType "swiss"]
[EventRounds "9"]
[EventCountry "TUR"]
[SourceTitle "CB29_2025"]
[SourceDate "2025.07.16"]
[SourceVersion "1"]
[SourceVersionDate "2025.07.16"]
[SourceQuality "1"]

1. e4 e5 2. Nf3 Nc6 3. Bc4 Nf6 4. d3 d5 5. exd5 Nxd5 6. 0-0 Nb6 7. Bb3 Bg4 8. h3 Bh5 9. Re1 Qe7 10. a4 a5 11. Be3 0-0-0 12. Bxb6 cxb6 13. Nbd2 Qc7 14. Qe2 Bc5 15. c3 Rhe8 16. Ne4 Bf8 17. Bc4 f6 18. Ng3 Bg6 19. Nh4 Bf7 20. Bxf7 Qxf7 21. Nhf5 g6 22. Ne3 f5 23. Nc4 Bc5 24. Nf1 Kb8 25. Nfd2 Qd5 26. d4 exd4 27. Qxe8 dxc3 28. bxc3 Rxe8 29. Rxe8+ Ka7 30. Rae1 Qd3 31. Rh8 Qxc3 32. Ree8 Ka6 33. Rxh7 Qc1+ 34. Kh2 Bxf2 0-1

[Event "Denizli op"]
[Site "Denizli"]
[Date "2025.07.09"]
[Round "4"]
[White "Eminov, Orkhan"]
[Black "Agibileg, Uurtsaikh"]
[Result "1-0"]
[WhiteElo "2239"]
[BlackElo "2380"]
[PlyCount "109"]
[EventDate "2025.07.07"]
[EventType "swiss"]
[EventRounds "9"]
[EventCountry "TUR"]
[SourceTitle "CB29_2025"]
[SourceDate "2025.07.16"]
[SourceVersion "1"]
[SourceVersionDate "2025.07.16"]
[SourceQuality "1"]

1. e4 c5 2. Nf3 e6 3. d4 cxd4 4. Nxd4 Nc6 5. Nc3 a6 6. Nxc6 bxc6 7. Qd3 d5 8. Qg3 h5 9. h4 Nf6 10. Be2 d4 11. e5 Ng4 12. Bxg4 hxg4 13. Ne4 Qd5 14. f3 Rb8 15. 0-0 Rb7 16. Bg5 Rxb2 17. Qf4 g3 18. c4 Qa5 19. c5 Bxc5 20. Rfc1 Ba3 21. Rxc6 Bb7 22. Rd6 Bxe4 23. Rd8+ Qxd8 24. Bxd8 Bd5 25. Bg5 0-0 26. Qxg3 Rc8 27. Kh1 Rcc2 28. Rg1 d3 29. h5 Kh7 30. Qf4 Rb7 31. Qd4 Rxa2 32. Qxd3+ Kg8 33. h6 Rb3 34. Qd4 Rxf3 35. Qh4 Bf8 36. hxg7 Bxg7 37. Rc1 Rh3+ 38. Qxh3 Bxg2+ 39. Qxg2 Rxg2 40. Kxg2 Bxe5 41. Rc8+ Kg7 42. Ra8 Kg6 43. Bc1 Bf6 44. Rxa6 Kf5 45. Ra7 Kg6 46. Kf3 Be5 47. Rb7 Bf6 48. Bb2 Bg5 49. Kg4 Bd2 50. Rb8 Bh6 51. Bc3 Be3 52. Rg8+ Kh6 53. Bf6 Bc5 54. Rg7 Ba3 55. Rxf7 1-0

[Event "New Delhi op 21st"]
[Site "New Delhi"]
[Date "2025.06.13"]
[Round "9"]
[White "Bhoir, Paras Dilip"]
[Black "Agibileg, Uurtsaikh"]
[Result "1/2-1/2"]
[WhiteElo "2249"]
[BlackElo "2384"]
[PlyCount "106"]
[EventDate "2025.06.07"]
[EventType "swiss"]
[EventRounds "10"]
[EventCountry "IND"]
[SourceTitle "CB26_2025"]
[SourceDate "2025.06.25"]
[SourceVersion "1"]
[SourceVersionDate "2025.06.25"]
[SourceQuality "1"]

1. e4 c5 2. Nf3 e6 3. d4 cxd4 4. Nxd4 a6 5. Nc3 Qc7 6. Be3 Bb4 7. Qd3 Nf6 8. Nde2 d5 9. 0-0-0 dxe4 10. Nxe4 Nd5 11. Bd4 0-0 12. a3 Be7 13. N4c3 Nxc3 14. Qxc3 Qxc3 15. Bxc3 b5 16. Ng3 Bb7 17. Be2 Rc8 18. Nh5 Rxc3 19. bxc3 g6 20. Ng3 Bxg2 21. Rhg1 Bxa3+ 22. Kb1 Bd5 23. Nh5 Nd7 24. h4 Rc8 25. Rxd5 exd5 26. Bg4 Rc7 27. Bxd7 Kf8 28. Nf6 Be7 29. Nxh7+ Kg7 30. Be8 Rc8 31. Bxf7 Kxf7 32. Ng5+ Kf6 33. Rg3 Kf5 34. Nf3 Kf6 35. Ng5 Kf5 36. Nf3 Bc5 37. Rg5+ Kf6 38. Ne5 Ba7 39. f4 Rxc3 40. Rxg6+ Kf5 41. Rxa6 Bd4 42. Nd3 Rc7 43. Ra5 Rb7 44. Ka2 Ke4 45. h5 Rc7 46. Nb4 Rc5 47. h6 Kf5 48. h7 Kg6 49. Ra6+ Kxh7 50. Rc6 Rc4 51. Rxc4 dxc4 52. Nd5 Kg6 53. c3 Bg7 1/2-1/2

[Event "Eastern Asia zt 3.3"]
[Site "Ulaanbaatar"]
[Date "2025.04.29"]
[Round "7"]
[White "Bersamina, Paulo"]
[Black "Agibileg, Uurtsaikh"]
[Result "1/2-1/2"]
[WhiteElo "2411"]
[BlackElo "2366"]
[PlyCount "108"]
[EventDate "2025.04.23"]
[EventType "swiss"]
[EventRounds "9"]
[EventCountry "MGL"]
[SourceTitle "CB20_2025"]
[SourceDate "2025.05.14"]
[SourceVersion "1"]
[SourceVersionDate "2025.05.14"]
[SourceQuality "1"]

1. e4 d6 2. d4 Nf6 3. Nc3 e5 4. Nf3 Nbd7 5. Bc4 Be7 6. 0-0 0-0 7. a4 exd4 8. Nxd4 Ne5 9. Ba2 Nc6 10. Re1 Nb4 11. Bb3 c5 12. Nde2 Be6 13. Nf4 Bxb3 14. cxb3 Re8 15. Be3 Bf8 16. f3 h6 17. Qd2 g5 18. Nd3 Nc6 19. h4 g4 20. Bxh6 Nh7 21. Bxf8 Rxf8 22. Qh6 gxf3 23. gxf3 Kh8 24. Kf2 Rg8 25. Rg1 Qf6 26. Qxf6+ Nxf6 27. Nf4 Nd4 28. Nb5 Rxg1 29. Rxg1 Nxb5 30. axb5 a6 31. Ra1 Kg7 32. Ra4 Rb8 33. bxa6 bxa6 34. Ra3 a5 35. Nd3 Rb5 36. Ke2 d5 37. exd5 Nxd5 38. Ne5 Rb4 39. Nc4 a4 40. Rxa4 Rxb3 41. Ra7 Rb4 42. Nd6 Rxb2+ 43. Kd3 Rh2 44. Ke4 Ne7 45. Rxe7 Re2+ 46. Kd5 Rxe7 47. Nf5+ Kf6 48. Nxe7 Kxe7 49. Kxc5 Kf6 50. Kd6 Kg6 51. f4 Kh5 52. Ke7 Kxh4 53. Kxf7 Kg4 54. Ke6 Kxf4 1/2-1/2

[Event "Eastern Asia zt 3.3"]
[Site "Ulaanbaatar"]
[Date "2025.04.28"]
[Round "6"]
[White "Agibileg, Uurtsaikh"]
[Black "Budhidharma, Nayaka"]
[Result "1-0"]
[WhiteElo "2366"]
[BlackElo "2390"]
[PlyCount "73"]
[EventDate "2025.04.23"]
[EventType "swiss"]
[EventRounds "9"]
[EventCountry "MGL"]
[SourceTitle "CB20_2025"]
[SourceDate "2025.05.14"]
[SourceVersion "1"]
[SourceVersionDate "2025.05.14"]
[SourceQuality "1"]

1. d4 d5 2. c4 c6 3. Nc3 Nf6 4. e3 e6 5. Nf3 Nbd7 6. Qc2 Bd6 7. b3 0-0 8. Be2 b6 9. 0-0 Bb7 10. Bb2 Qe7 11. a4 Bb4 12. Na2 Bd6 13. Nc3 Bb4 14. Na2 Bd6 15. a5 Rac8 16. Nc3 Rfd8 17. Rfd1 Nf8 18. Bd3 Ng6 19. e4 dxe4 20. Nxe4 Nxe4 21. Bxe4 f5 22. Bd3 Nf4 23. Bf1 c5 24. d5 exd5 25. cxd5 c4 26. axb6 axb6 27. bxc4 Bxd5 28. Rxd5 Nxd5 29. Qb3 Nf6 30. c5+ Kh8 31. cxd6 Rxd6 32. Ng5 Rd7 33. Bc4 h6 34. Be6 Re8 35. Rf1 hxg5 36. Qh3+ Nh7 37. Bxf5 1-0

[Event "Titled Tuesday intern op 01st Apr Early"]
[Site "Chess.com INT"]
[Date "2025.04.01"]
[Round "1"]
[White "Agibileg, Uurtsaikh"]
[Black "Pozzari, Simone"]
[Result "1-0"]
[WhiteElo "2366"]
[BlackElo "2148"]
[PlyCount "75"]
[EventDate "2025.04.01"]
[EventType "swiss (blitz)"]
[EventRounds "11"]
[EventCountry "USA"]
[SourceTitle "CB15_2025"]
[SourceDate "2025.04.09"]
[SourceVersion "1"]
[SourceVersionDate "2025.04.09"]
[SourceQuality "1"]

1. d4 Nf6 2. c4 g6 3. Nc3 Bg7 4. e4 d6 5. Be2 0-0 6. Nf3 e5 7. 0-0 Nc6 8. d5 Ne7 9. Nd2 Nd7 10. b4 f5 11. c5 f4 12. a4 g5 13. Nc4 Nf6 14. Nb5 dxc5 15. bxc5 a6 16. Nxc7 Qxc7 17. d6 Qd8 18. dxe7 Qxe7 19. Ba3 Rd8 20. Qc2 Be6 21. Nb6 Rab8 22. Rfd1 g4 23. Nd5 Bxd5 24. exd5 f3 25. Bc4 Kh8 26. Qf5 e4 27. d6 Qe8 28. Bb2 Qg6 29. Qxg6 hxg6 30. Rac1 Rbc8 31. Be6 Rc6 32. Bxf6 Bxf6 33. Bd5 e3 34. fxe3 Bg5 35. Bxc6 Bxe3+ 36. Kf1 Bxc1 37. Rxc1 fxg2+ 38. Bxg2 1-0

[Event "Titled Tuesday intern op 01st Apr Early"]
[Site "Chess.com INT"]
[Date "2025.04.01"]
[Round "4"]
[White "Agibileg, Uurtsaikh"]
[Black "Pranav, V."]
[Result "0-1"]
[WhiteElo "2366"]
[BlackElo "2615"]
[PlyCount "74"]
[EventDate "2025.04.01"]
[EventType "swiss (blitz)"]
[EventRounds "11"]
[EventCountry "USA"]
[SourceTitle "CB15_2025"]
[SourceDate "2025.04.09"]
[SourceVersion "1"]
[SourceVersionDate "2025.04.09"]
[SourceQuality "1"]

1. d4 Nf6 2. c4 e6 3. Nc3 Bb4 4. a3 Bxc3+ 5. bxc3 0-0 6. f3 d6 7. e4 e5 8. Bd3 Nc6 9. Ne2 Nh5 10. h4 g6 11. g4 Ng7 12. Bh6 Na5 13. Ng3 Ne6 14. Bxf8 Qxf8 15. Ne2 Bd7 16. Rb1 b6 17. Qd2 Qg7 18. h5 g5 19. d5 Nc5 20. h6 Qg6 21. Ng3 f6 22. Be2 Kf7 23. Kf2 Ke7 24. Nf1 Bxg4 25. Ne3 Bd7 26. Bf1 g4 27. Rg1 Qh5 28. Ke1 Rg8 29. fxg4 Bxg4 30. Qg2 Qh4+ 31. Qf2 Qh5 32. Nf5+ Kd7 33. Ng7 Qxh6 34. Rxg4 Rxg7 35. Qf5+ Ke7 36. Bh3 Qe3+ 37. Kf1 Qxh3+ 0-1

[Event "Titled Tuesday intern op 01st Apr Early"]
[Site "Chess.com INT"]
[Date "2025.04.01"]
[Round "2"]
[White "Carroll, Thomas"]
[Black "Agibileg, Uurtsaikh"]
[Result "0-1"]
[WhiteElo "2147"]
[BlackElo "2366"]
[PlyCount "138"]
[EventDate "2025.04.01"]
[EventType "swiss (blitz)"]
[EventRounds "11"]
[EventCountry "USA"]
[SourceTitle "CB15_2025"]
[SourceDate "2025.04.09"]
[SourceVersion "1"]
[SourceVersionDate "2025.04.09"]
[SourceQuality "1"]

1. d4 Nf6 2. Bg5 g6 3. Bxf6 exf6 4. e3 d5 5. g3 Bd6 6. Bg2 c6 7. Ne2 Nd7 8. Nd2 f5 9. c4 dxc4 10. Nxc4 Nf6 11. Nxd6+ Qxd6 12. Nc3 Be6 13. 0-0 0-0 14. Rc1 Rfe8 15. a3 Rad8 16. Qc2 Bc4 17. Rfd1 Qe6 18. Rd2 Bb3 19. Qd3 a5 20. Ne2 a4 21. Nf4 Qd6 22. h4 h5 23. Rc5 Re7 24. Qc3 Nd7 25. Ra5 Nb6 26. Bf1 Rc7 27. Qc5 Qxc5 28. Rxc5 Nd7 29. Rc3 Ne5 30. Be2 Kg7 31. d5 Rcd7 32. Kg2 cxd5 33. Bb5 d4 34. exd4 Rxd4 35. Rxd4 Rxd4 36. Rc7 Ng4 37. Bxa4 Rxa4 38. Rxb7 Rxf4 39. Rxb3 Rxf2+ 40. Kg1 f4 41. gxf4 Rxf4 42. Rb7 Ne5 43. b4 Rxh4 44. Kf2 g5 45. Rb5 Rf4+ 46. Ke3 Nc4+ 47. Ke2 Nxa3 48. Rxg5+ Kf6 49. Rxh5 Rxb4 50. Kd3 Nb5 51. Rh6+ Ke7 52. Rb6 f6 53. Ke3 Kf7 54. Rb8 Kg6 55. Kf2 Kg5 56. Rg8+ Kf4 57. Rh8 Rb2+ 58. Ke1 f5 59. Rh4+ Ke5 60. Ra4 Nd4 61. Ra5+ Ke4 62. Ra3 f4 63. Kf1 f3 64. Ra4 Ke3 65. Ra3+ Nb3 66. Kg1 f2+ 67. Kg2 Rb1 68. Kh2 f1Q 69. Rxb3+ Rxb3 0-1

[Event "Titled Tuesday intern op 01st Apr Early"]
[Site "Chess.com INT"]
[Date "2025.04.01"]
[Round "5"]
[White "Kalyani, Sirin"]
[Black "Agibileg, Uurtsaikh"]
[Result "0-1"]
[WhiteElo "2142"]
[BlackElo "2366"]
[PlyCount "78"]
[EventDate "2025.04.01"]
[EventType "swiss (blitz)"]
[EventRounds "11"]
[EventCountry "USA"]
[SourceTitle "CB15_2025"]
[SourceDate "2025.04.09"]
[SourceVersion "1"]
[SourceVersionDate "2025.04.09"]
[SourceQuality "1"]

1. e4 c5 2. Nf3 e6 3. b3 Nc6 4. Bb2 b6 5. c4 Bb7 6. Nc3 e5 7. Nd5 d6 8. g3 g6 9. Bg2 Bg7 10. 0-0 Nge7 11. d3 0-0 12. Bc3 h6 13. Nd2 Nd4 14. a3 f5 15. exf5 Nxd5 16. cxd5 gxf5 17. Rc1 Rf7 18. f4 Qd7 19. Nf3 Re8 20. Kh1 Bxd5 21. Nh4 Bxg2+ 22. Kxg2 e4 23. Bxd4 cxd4 24. dxe4 fxe4 25. f5 e3 26. Qf3 d3 27. Rg1 d2 28. Rcd1 d5 29. g4 d4 30. Ng6 Qb7 31. Nf4 e2 32. Qxb7 Rxb7 33. Rxd2 e1Q 34. Rxe1 Rxe1 35. Ne6 Rxe6 36. fxe6 Kf8 37. Re2 Ke7 38. Kf3 Rc7 39. Ke4 Kxe6 0-1

[Event "Titled Tuesday intern op 28th Jan Early"]
[Site "Chess.com INT"]
[Date "2025.01.28"]
[Round "10"]
[White "Abdurakhmanov, Mukhmmadali"]
[Black "Agibileg, Uurtsaikh"]
[Result "1-0"]
[WhiteElo "2396"]
[BlackElo "2392"]
[PlyCount "51"]
[EventDate "2025.01.28"]
[EventType "swiss (blitz)"]
[EventRounds "11"]
[EventCountry "USA"]
[SourceTitle "CB06_2025"]
[SourceDate "2025.02.05"]
[SourceVersion "1"]
[SourceVersionDate "2025.02.05"]
[SourceQuality "1"]

1. a4 Nf6 2. Nf3 Nc6 3. Nc3 e6 4. e4 d6 5. d4 Nd7 6. d5 Ne7 7. dxe6 fxe6 8. Bc4 Nb6 9. Bb3 a5 10. 0-0 Ng6 11. Ng5 Qf6 12. f4 h6 13. e5 dxe5 14. fxe5 Bc5+ 15. Kh1 Qe7 16. Qh5 hxg5 17. Qxg6+ Kd7 18. Bxg5 Qe8 19. Rad1+ Kc6 20. Qe4+ Nd5 21. Rxd5 exd5 22. Nxd5 Rxh2+ 23. Kxh2 Qh8+ 24. Bh4 b5 25. Ne7+ Kb6 26. Qc6+ 1-0

[Event "Titled Tuesday intern op 14th Jan Early"]
[Site "Chess.com INT"]
[Date "2025.01.14"]
[Round "6"]
[White "Agibileg, Uurtsaikh"]
[Black "Wirig, Anthony"]
[Result "1-0"]
[WhiteElo "2392"]
[BlackElo "2430"]
[PlyCount "69"]
[EventDate "2025.01.14"]
[EventType "swiss (blitz)"]
[EventRounds "11"]
[EventCountry "USA"]
[SourceTitle "CB04_2025"]
[SourceDate "2025.01.22"]
[SourceVersion "1"]
[SourceVersionDate "2025.01.22"]
[SourceQuality "1"]

1. d4 f5 2. Nc3 Nf6 3. f3 c5 4. d5 g6 5. e4 d6 6. Nh3 a6 7. Nf4 Bg7 8. exf5 gxf5 9. Bd3 0-0 10. 0-0 b5 11. a3 c4 12. Be2 Qb6+ 13. Kh1 Nbd7 14. Ne6 Rf7 15. f4 Bb7 16. Bf3 Nf8 17. Ng5 Re8 18. Nxf7 Kxf7 19. Bh5+ Ng6 20. Bf3 Nh4 21. Bh5+ Ng6 22. Bf3 Nh4 23. Qe2 Nxf3 24. Rxf3 Nxd5 25. Nxd5 Bxd5 26. Rg3 Qd4 27. Qh5+ Kf8 28. Be3 Qxb2 29. Rd1 Bf7 30. Qxh7 Qf6 31. Bd4 e5 32. fxe5 Rxe5 33. Bxe5 dxe5 34. Rxg7 Qxg7 35. Rd8+ 1-0

[Event "Madurai Athens of the East op-A 4th"]
[Site "Madurai"]
[Date "2024.12.29"]
[Round "8"]
[White "Agibileg, Uurtsaikh"]
[Black "Srihari, LR."]
[Result "1/2-1/2"]
[WhiteElo "2392"]
[BlackElo "2484"]
[PlyCount "81"]
[EventDate "2024.12.24"]
[EventType "swiss"]
[EventRounds "10"]
[EventCountry "IND"]
[SourceTitle "CB02_2025"]
[SourceDate "2025.01.08"]
[SourceVersion "1"]
[SourceVersionDate "2025.01.08"]
[SourceQuality "1"]

1. d4 d5 2. c4 e6 3. Nc3 Nf6 4. cxd5 exd5 5. Bg5 Bb4 6. e3 h6 7. Bh4 g5 8. Bg3 Ne4 9. Qc2 h5 10. f3 Nxg3 11. hxg3 Nc6 12. 0-0-0 Bxc3 13. Qxc3 Qd6 14. e4 Bd7 15. e5 Qe7 16. g4 h4 17. Nh3 0-0-0 18. Bd3 Rdg8 19. Kb1 Qb4 20. Bc2 Qxc3 21. bxc3 Na5 22. Bb3 Be6 23. Nf2 Kd8 24. Rh3 b6 25. Rdh1 Ke7 26. g3 c5 27. gxh4 gxh4 28. Rxh4 Rxh4 29. Rxh4 cxd4 30. cxd4 Nc6 31. f4 Nxd4 32. f5 Nxf5 33. gxf5 Bxf5+ 34. Kc1 Ke6 35. Rh5 Rc8+ 36. Kd2 Kxe5 37. Bd1 Rc6 38. Bg4 Rf6 39. Nd3+ Ke4 40. Bd1 Kd4 41. Nc1 1/2-1/2

[Event "Madurai Athens of the East op-A 4th"]
[Site "Madurai"]
[Date "2024.12.27"]
[Round "5"]
[White "Agibileg, Uurtsaikh"]
[Black "Aronyak, Ghosh"]
[Result "1/2-1/2"]
[WhiteElo "2392"]
[BlackElo "2547"]
[PlyCount "60"]
[EventDate "2024.12.24"]
[EventType "swiss"]
[EventRounds "10"]
[EventCountry "IND"]
[SourceTitle "CB02_2025"]
[SourceDate "2025.01.08"]
[SourceVersion "1"]
[SourceVersionDate "2025.01.08"]
[SourceQuality "1"]

1. d4 d5 2. c4 dxc4 3. e4 e5 4. Nf3 exd4 5. Bxc4 Nc6 6. 0-0 Be6 7. Nbd2 Qf6 8. Bxe6 Qxe6 9. a3 0-0-0 10. b4 Nf6 11. Re1 Ng4 12. Bb2 Nce5 13. h3 Nxf3+ 14. Nxf3 Ne5 15. Nxd4 Qb6 16. Rc1 Be7 17. Qc2 Bf6 18. a4 Nd3 19. Qxd3 Bxd4 20. Qc2 Bxb2 21. a5 Qd6 22. Qxb2 f6 23. b5 Rd7 24. a6 Kb8 25. axb7 Rhd8 26. Qb3 Qe5 27. Qa4 Rd4 28. Qa5 R8d7 29. f4 Qd6 30. Kh1 Qb6 1/2-1/2

[Event "Pavlodar op"]
[Site "Pavlodar"]
[Date "2024.10.21"]
[Round "10"]
[White "Agibileg, Uurtsaikh"]
[Black "Umarov, Bekhruz"]
[Result "1-0"]
[WhiteElo "2407"]
[BlackElo "2197"]
[PlyCount "141"]
[EventDate "2024.10.13"]
[EventType "swiss"]
[EventRounds "10"]
[EventCountry "KAZ"]
[SourceTitle "CB43_2024"]
[Source "Chessbase"]
[SourceDate "2024.10.23"]
[SourceVersion "1"]
[SourceVersionDate "2024.10.23"]
[SourceQuality "1"]

1. d4 Nf6 2. c4 e6 3. Nc3 Bb4 4. Qc2 0-0 5. e4 d5 6. e5 Ne4 7. Bd3 c5 8. Nf3 cxd4 9. Nxd4 Nd7 10. Bf4 Ndc5 11. 0-0 Bxc3 12. bxc3 Nxd3 13. Qxd3 b6 14. cxd5 Qxd5 15. Rfd1 Bb7 16. c4 Qd7 17. Qc2 h6 18. a4 Rfd8 19. a5 bxa5 20. f3 Ng5 21. h4 Nh7 22. Nb5 Qe7 23. Qf2 Rxd1+ 24. Rxd1 Qb4 25. Nd6 Bc6 26. Qg3 Kf8 27. Kh2 Be8 28. Bd2 Qb6 29. Qe1 Rb8 30. Bxa5 Qc6 31. Rb1 Qa8 32. c5 Bc6 33. Ra1 Bxf3 34. Bb6 Bh5 35. Rxa7 Qd5 36. Qe4 Kg8 37. Qxd5 exd5 38. Ba5 Nf8 39. c6 Ne6 40. Re7 Bg4 41. c7 Nxc7 42. Bxc7 Rf8 43. Bb6 h5 44. Ne8 Bf5 45. Bd4 Kh7 46. Kg3 Kg6 47. Nd6 Be6 48. Re8 Rxe8 49. Nxe8 Kf5 50. Nd6+ Kg6 51. Kf4 Bd7 52. g3 Bh3 53. Nb5 Bf1 54. Na7 Bh3 55. Nc6 Be6 56. Ne7+ Kh6 57. Bc3 f6 58. exf6 gxf6 59. Bxf6 Bd7 60. Nxd5 Kg6 61. Ke5 Bg4 62. Bd8 Kg7 63. Nf6 Bd1 64. Kf5 Kh6 65. Ne8 Bc2+ 66. Kf6 Ba4 67. Nd6 Bc2 68. Bb6 Bd3 69. Be3+ Kh7 70. Kg5 Be2 71. Ne8 1-0